| 000 | 00564nam a2200217 i 4500 | ||
|---|---|---|---|
| 001 | 68932 | ||
| 003 | ES-MaACL | ||
| 005 | 20230906170408.0 | ||
| 007 | t| | ||
| 008 | 040805s1985 sp ||||1| spa d | ||
| 020 | _a84-85641-55-8 | ||
| 080 | _a86-14"19" | ||
| 100 | 1 |
_aHaro Ibars, Eduardo. _961878 |
|
| 245 | 1 | 0 |
_aEn rojo / _cEduardo Haro Ibars. |
| 260 |
_aMadrid : _bEdiciones Libertarias, _c[1985] |
||
| 300 |
_a91 p., 1 h. ; _c20 cm. |
||
| 490 | 1 | _aPoesía | |
| 830 | 0 |
_aPoesía _9177794 |
|
| 852 |
_aES-MaACL _jL-12025 _bR.114083 |
||
| 999 |
_c68932 _d68932 |
||